Товарищи крестьяне и крестьянки! "Чтобы скорее взяться свободно и мирно за плуг... необходимо помочь Красной Армии возможно быстрее и окончательно разбить жестокого врага трудящихся масс..." Г. Рузаевка, Пенз. губ,. 8 янв. [!февр.] 1920 г. (Запись № 12129481)

Подробности
000 -МАРКЕР
контрольное поле 04082nam0a2200517 4500
001 - ИДЕНТИФИКАТОР ЗАПИСИ
контрольное поле RU\NLR\BIBL_A\011527743
005 - ИДЕНТИФИКАТОР ВЕРСИИ
контрольное поле 20260408082011.0
020 ## - НОМЕР ДОКУМЕНТА В НАЦИОНАЛЬНОЙ БИБЛИОГРАФИИ
Код страны Российская Федерация
Номер 9708
Основное заглавие издания Российской книжной палаты Сводный каталог листовок первых лет Советской власти (25 октября (7 ноября) 1917 - 1925) Т.4 (Ч.2). Листовки советских, партийных, профсоюзных, комсомольских и других организаций губерний РСФСР
035 ## - ДРУГИЕ СИСТЕМНЫЕ НОМЕРА
Идентификатор записи (NLR Aleph) 011527743
100 ## - ДАННЫЕ ОБЩЕЙ ОБРАБОТКИ
Данные общей обработки 20171116d1920 |||y0rusy50 ca
101 0# - ЯЗЫК РЕСУРСА
Язык текста, звукозаписи и т.д. русский
102 ## - СТРАНА ПУБЛИКАЦИИ ИЛИ ПРОИЗВОДСТВА
Страна публикации Российская Федерация
105 ## - ПОЛЕ КОДИРОВАННЫХ ДАННЫХ: ТЕКСТОВЫЕ МАТЕРИАЛЫ, МОНОГРАФИЧЕСКИЕ
Кодированные данные о монографическом текстовом документе y z 000zy
135 ## - ПОЛЕ КОДИРОВАННЫХ ДАННЫХ: ЭЛЕКТРОННЫЕ РЕСУРСЫ
Кодированные данные для электронного ресурса crcn 024anaba
200 1# - ЗАГЛАВИЕ И СВЕДЕНИЯ ОБ ОТВЕТСТВЕННОСТИ
Основное заглавие Товарищи крестьяне и крестьянки! "Чтобы скорее взяться свободно и мирно за плуг... необходимо помочь Красной Армии возможно быстрее и окончательно разбить жестокого врага трудящихся масс..." Г. Рузаевка, Пенз. губ,. 8 янв. [!февр.] 1920 г.
Сведения, относящиеся к заглавию [листовка]
210 ## - ПУБЛИКАЦИЯ, РАСПРОСТРАНЕНИЕ И ДР.
Место издания, распространения и т.д. [Рузаевка]
Имя издателя, распространителя и т. д. Тип. Рузаев. усовнархоза
Дата издания, распространения и т.д. [1920, февр.]
215 ## - ФИЗИЧЕСКАЯ ХАРАКТЕРИСТИКА
Специфическое обозначение материала и объем 1 с.
Размеры 33х18
300 ## - ОБЩИЕ ПРИМЕЧАНИЯ
Текст примечания Подпись: Уезд. комиссия по проведению "Недели фронта и транспорта"
300 ## - ОБЩИЕ ПРИМЕЧАНИЯ
Текст примечания Перед загл.: "Неделя фронта и транспорта"
300 ## - ОБЩИЕ ПРИМЕЧАНИЯ
Текст примечания Лозунги: Эта неделя должна быть неделей окончательной победы; Каждый гражданин должен что-нибудь сделать для оздоровления транспорта; Труд победил на Красном фронте силой оружия. Труд должен победить своей творческой силой разруху внутри страны
325 ## - ПРИМЕЧАНИЕ О КОПИИ
Текст примечания Копия доступна в Электрон. б-ке РНБ
517 1# - ДРУГИЕ ВАРИАНТЫ ЗАГЛАВИЯ
Вариант заглавия Чтобы скорее взяться свободно и мирно за плуг... необходимо помочь Красной Армии возможно быстрее и окончательно разбить жестокого врага трудящихся масс...
540 1# - ДОПОЛНИТЕЛЬНОЕ ЗАГЛАВИЕ, ПРИМЕНЯЕМОЕ КАТАЛОГИЗАТОРОМ
Заглавие Неделя фронта и транспорта
540 1# - ДОПОЛНИТЕЛЬНОЕ ЗАГЛАВИЕ, ПРИМЕНЯЕМОЕ КАТАЛОГИЗАТОРОМ
Заглавие Эта неделя должна быть неделей окончательной победы
540 1# - ДОПОЛНИТЕЛЬНОЕ ЗАГЛАВИЕ, ПРИМЕНЯЕМОЕ КАТАЛОГИЗАТОРОМ
Заглавие Каждый гражданин должен что-нибудь сделать для оздоровления транспорта
540 1# - ДОПОЛНИТЕЛЬНОЕ ЗАГЛАВИЕ, ПРИМЕНЯЕМОЕ КАТАЛОГИЗАТОРОМ
Заглавие Труд победил на Красном фронте силой оружия
540 1# - ДОПОЛНИТЕЛЬНОЕ ЗАГЛАВИЕ, ПРИМЕНЯЕМОЕ КАТАЛОГИЗАТОРОМ
Заглавие Труд должен победить своей творческой силой разруху внутри страны
607 ## - ГЕОГРАФИЧЕСКОЕ НАИМЕНОВАНИЕ КАК ПРЕДМЕТ
Географическое наименование РСФСР
Формальный подзаголовок Листовки
Тематический подзаголовок Политика и управление
Географический подзаголовок 1917 - 1925
Системный номер авторитетной/нормативной записи 2312782
Идентификатор авторитетной/нормативной записи RU\NLR\auth\6601609564
686 0# - ИНДЕКСЫ ДРУГИХ КЛАССИФИКАЦИЙ
Индекс Т3(2)71-313,011
686 0# - ИНДЕКСЫ ДРУГИХ КЛАССИФИКАЦИЙ
Индекс Т3(2Р-6Мо-2Р)712-31,011
711 02 - НАИМЕНОВАНИЕ ОРГАНИЗАЦИИ - АЛЬТЕРНАТИВНАЯ ОТВЕТСТВЕННОСТЬ
Начальный элемент ввода Рузаевская уездная комиссия по проведению "Недели фронта и транспорта"
Системный номер авторитетной/нормативной записи 556285
Идентификатор авторитетной/нормативной записи RU\NLR\AUTH\880446344
712 02 - НАИМЕНОВАНИЕ ОРГАНИЗАЦИИ - ВТОРИЧНАЯ ОТВЕТСТВЕННОСТЬ
Код отношения Прочие
Начальный элемент ввода Рабоче-Крестьянская Красная армия
Идентифицирующий признак 1918-1946
Идентификатор авторитетной/нормативной записи RU\NLR\AUTH\8810133633
Системный номер авторитетной/нормативной записи 763433
712 12 - НАИМЕНОВАНИЕ ОРГАНИЗАЦИИ - ВТОРИЧНАЯ ОТВЕТСТВЕННОСТЬ
Код отношения Прочие
Начальный элемент ввода Неделя фронта и транспорта
Дата проведения временной организации 1920
Системный номер авторитетной/нормативной записи 556274
Идентификатор авторитетной/нормативной записи RU\NLR\AUTH\880446339
852 00 - МЕСТОНАХОЖДЕНИЕ И ШИФР ХРАНЕНИЯ
Идентификатор организации NLR
Наименование фонда или коллекции (Sub-Location Identifier) ФЛ
Шифр хранения (Call Number) 45/49
856 #0 - МЕСТОНАХОЖДЕНИЕ ЭЛЕКТРОННЫХ РЕСУРОВ И ДОСТУП К НИМ
Универсальный идентификатор ресурса (Uniform Resource Identifier) https://vivaldi.nlr.ru/ll700000974/view
856 #1 - МЕСТОНАХОЖДЕНИЕ ЭЛЕКТРОННЫХ РЕСУРОВ И ДОСТУП К НИМ
Универсальный идентификатор ресурса (Uniform Resource Identifier) https://vivaldi.nlr.ru/ll700000974/cover
856 #2 - МЕСТОНАХОЖДЕНИЕ ЭЛЕКТРОННЫХ РЕСУРОВ И ДОСТУП К НИМ
Универсальный идентификатор ресурса (Uniform Resource Identifier) https://vivaldi.nlr.ru/ll700000974/text
942 ## - ДОПОЛНИТЕЛЬНЫЕ ЭЛЕМЕНТЫ ЗАПИСИ (АБИС)
Тип экземпляра АБИС Книга
980 ## - КОЛЛЕКЦИЯ
Название коллекции Национальная библиография
981 21 - КОЛЛЕКЦИЯ ЭЛЕКТРОННОЙ БИБЛИОТЕКИ
Название коллекции Листовки
Название подколлекции

Нет доступных экземпляров.